| 000 | 00911cam a22002535a 4500 | ||
|---|---|---|---|
| 001 | 17509280 | ||
| 005 | 20160302121337.0 | ||
| 008 | 121025t2013 enk frb 001 0 eng d | ||
| 020 | _a9781849804844 (hbk.) | ||
| 020 | _a1849804842 (hbk.) | ||
| 040 |
_aUKMGB _beng _cUKMGB _dOCLCO _dYDXCP _dUV0 _dGUL _dRCJ _dCGU _dMEAUC _dILI _dGWL _dDLC _dEG-ScBUE |
||
| 082 | 0 | 4 |
_a364.164 _222 _bMOD |
| 245 | 0 | 0 |
_aModern piracy : _blegal challenges and responses / _cedited by Douglas Guilfoyle. |
| 260 |
_aCheltenham ; _aNorthampton : _bEdward Elgar, _cc.2013. |
||
| 300 |
_axvi, 354 p. ; _c24 cm. |
||
| 500 | _aIndex : p. 337-354. | ||
| 504 | _aIncludes bibliographical references. | ||
| 650 | 7 |
_aPiracy (International law) _2BUEsh _932279 |
|
| 650 | 0 |
_aPiracy _xPrevention _xInternational cooperation. _2BUEsh _932280 |
|
| 651 | _2BUEsh | ||
| 653 |
_bLLAAWW _cFebruary2016 |
||
| 700 | 1 |
_aGuilfoyle, Douglas, _eeditor. |
|
| 942 | _2ddc | ||
| 999 |
_c21285 _d21257 |
||